Random amplified polymorphic DNA markers for disease tolerance in Hevea brasiliensis (Record no. 74233)

MARC details
000 -LEADER
fixed length control field 00510nam a2200157Ia 4500
100 ## - MAIN ENTRY--AUTHOR NAME
Personal name Seeja K. Iype
245 #0 - TITLE STATEMENT
Title Random amplified polymorphic DNA markers for disease tolerance in Hevea brasiliensis
260 ## - PUBLICATION, DISTRIBUTION, ETC. (IMPRINT)
Name of publisher Periyar University
Place of publication Salem
300 ## - PHYSICAL DESCRIPTION
Number of Pages 33
500 ## - GENERAL NOTE
General note Available at Biotechnology
500 ## - GENERAL NOTE
General note Course: M.Sc.
700 ## - ADDED ENTRY--PERSONAL NAME
Personal name Dr A Thulaseedharan
850 ## - HOLDING INSTITUTION
Holding institution Vivekanandha College of Arts and Science for Women, Tiruchengode
942 ## - ADDED ENTRY ELEMENTS (KOHA)
Koha item type Theses
Holdings
Withdrawn status Lost status Damaged status Not for loan Collection code Home library Current library Shelving location Date acquired Koha item type
      Theses Dissertation RRII Library RRII Library Biotechnology 31/12/2021 Theses